Arquitectos japoneses / (Registro nro. 2259)
[ vista simple ]
| 000 -LEADER | |
|---|---|
| fixed length control field | 01597nam a2200265Ia 4500 |
| 003 - CONTROL NUMBER IDENTIFIER | |
| control field | PE SENCICO BE |
| 005 - DATE AND TIME OF LATEST TRANSACTION | |
| control field | 20260219155432.0 |
| 008 - FIXED-LENGTH DATA ELEMENTS--GENERAL INFORMATION | |
| fixed length control field | 200515s9999 xx 000 0 und d |
| 020 ## - INTERNATIONAL STANDARD BOOK NUMBER | |
| International Standard Book Number | 978-9962-04-101-6 |
| 040 ## - CATALOGING SOURCE | |
| Original cataloging agency | PE SENCICO BE |
| Transcribing agency | PE SENCICO BE |
| 041 ## - LANGUAGE CODE | |
| Language code of text/sound track or separate title | spa |
| 082 ## - DEWEY DECIMAL CLASSIFICATION NUMBER | |
| Classification number | 720.9252 |
| Item number | L5 |
| 110 1# - MAIN ENTRY--CORPORATE NAME | |
| Corporate name or jurisdiction name as entry element | Lexus editores |
| 9 (RLIN) | 88 |
| Relator term | autor |
| 245 10 - TITLE STATEMENT | |
| Title | Arquitectos japoneses / |
| Statement of responsibility, etc. | Lexus editores ; coordinación editorial: Pablo Pontorno |
| 250 ## - EDITION STATEMENT | |
| Edition statement | [1a ed.] |
| 260 ## - PUBLICATION, DISTRIBUTION, ETC. | |
| Place of publication, distribution, etc. | China : |
| Name of publisher, distributor, etc. | Lexus editores ; |
| Date of publication, distribution, etc. | 2014 |
| 300 ## - PHYSICAL DESCRIPTION | |
| Extent | 198 páginas : |
| Other physical details | ilustraciones a color, láminas, planos, diagramas ; |
| Dimensions | 33 cm. |
| 505 0# - FORMATTED CONTENTS NOTE | |
| Formatted contents note | Vivienda en Kamakurayama, Naya Architects -- Edificio de Airayakusi, Naya Architects -- Vivienda eb Sangenjaya, Naya Architects -- Estadio Oita, Kisho Kurokawa -- Celluloid Jam, Norisada Maeda -- Machine Head, Norisada Maeda -- Picnic, Norisada Maeda -- Shinkansen, Makoto Sei Watanabe -- Casa Zitkin, Ted Tokio Tanaka -- Ofunado Tsunami Museum, Ted Tokio Tanaka -- Residencia M., Ted Tokio Tanaka -- Casa Eddi, Edward Suzuki -- Estudio de Gamo, Edward Suzuki -- Residencia Yamano, Edward Suzuki -- Triad, Fukimiko Maki -- Asahi TV, Fukimiko Maki -- Casa Picture Window, Shigeru Ban -- Haesly Nine Bridges Golf, Shiberu Ban -- Centro Pompidou, Shigeru Ban -- Casa 4x4, Tadao Ando |
| 520 3# - SUMMARY, ETC. | |
| Summary, etc. | Visión actual de la arquitectura japonesa y de los mas renombrados arquitectos y sus obras. |
| 650 10 - SUBJECT ADDED ENTRY--TOPICAL TERM | |
| Topical term or geographic name entry element | Arquitectos |
| 9 (RLIN) | 317 |
| 650 20 - SUBJECT ADDED ENTRY--TOPICAL TERM | |
| Topical term or geographic name entry element | Arquitectura japonesa |
| 9 (RLIN) | 335 |
| 651 #0 - SUBJECT ADDED ENTRY--GEOGRAPHIC NAME | |
| Geographic name | Japón |
| 9 (RLIN) | 336 |
| 700 1# - ADDED ENTRY--PERSONAL NAME | |
| Personal name | Pontorno, Pablo |
| 9 (RLIN) | 119 |
| Relator term | coordinación editorial |
| 942 ## - ADDED ENTRY ELEMENTS (KOHA) | |
| Koha item type | Libros |
| Source of classification or shelving scheme | Dewey Decimal Classification |
| Fecha de la última vez que lo usaron | Número de ingreso o de inventario | Pago total | Signatura topográfica completa | Código de barras | Precio efectivo desde | Tipo de documento | Estado perdido | Sistema de clasificación | Estado dañado | No es para préstamo | Retirado | Ubicación permanente | Ubicación actual | Fecha de adquisición |
|---|---|---|---|---|---|---|---|---|---|---|---|---|---|---|
| 27/11/2025 | 720.9252/L5 | BibZareq25112606 | 27/11/2025 | Libros | Dewey Decimal Classification | Biblioteca Arequipa | Biblioteca Arequipa | 27/11/2025 | ||||||
| 15/05/2020 | 15966 | 720.9252/L5 | BibLima25112605 | 15/05/2020 | Libros | Dewey Decimal Classification | Biblioteca Central Lima | Biblioteca Central Lima | 03/06/2015 |